Một số quá trình chuyển pha của vật chất
Chuyển pha của thể thuần nhất. Lý thuyết về chuyển pha loại một và chuyển pha loại hai. Một số quá trình chuyển pha tiêu biểu. Một số câu hỏi và bài tập về chuyển pha trong chương trình Vật lý phổ thông
Enregistré dans:
| Auteur principal: | |
|---|---|
| Autres auteurs: | |
| Format: | Livre |
| Langue: | Vietnamese |
| Publié: |
Đà Nẵng
Đại học Sư phạm, Đại học Đà Nẵng
2013
|
| Sujets: | |
| Tags: |
Ajouter un tag
Pas de tags, Soyez le premier à ajouter un tag!
|
| Thư viện lưu trữ: | Mạng thư viện Đại học Đà Nẵng |
|---|
| LEADER | 01652nam a2200361 4500 | ||
|---|---|---|---|
| 001 | 000019134 | ||
| 003 | 15569 | ||
| 005 | 20140321100358.0 | ||
| 008 | 140319s2013 viesd | ||
| 041 | |a vie | ||
| 072 | |a VL | ||
| 082 | 1 | 4 | |a 530.474 |b BU-N |
| 100 | 1 | |a Bùi Minh Phương Ngọc | |
| 245 | 1 | 0 | |a Một số quá trình chuyển pha của vật chất |c Bùi Minh Phương Ngọc ; Lê Tấn Nghĩa hướng dẫn |k Khóa luận tốt nghiệp |
| 260 | |a Đà Nẵng |b Đại học Sư phạm, Đại học Đà Nẵng |c 2013 | ||
| 300 | |a 87 tr. |b Hình mh. |c 29 cm. | ||
| 500 | |a Khóa luận tốt nghiệp đại học. Chuyên ngành: Sư phạm Vật lý | ||
| 520 | |a Chuyển pha của thể thuần nhất. Lý thuyết về chuyển pha loại một và chuyển pha loại hai. Một số quá trình chuyển pha tiêu biểu. Một số câu hỏi và bài tập về chuyển pha trong chương trình Vật lý phổ thông | ||
| 650 | 0 | 4 | |a Vật lý chuyển pha |v Khóa luận tốt nghiệp |x Vật chất |
| 653 | |a Vật lý chuyển pha | ||
| 653 | |a Khoa Vật Lý | ||
| 653 | |a Vật chất | ||
| 700 | 1 | |a Lê Tấn Nghĩa |e Hướng dẫn | |
| OWN | |a LSP | ||
| AVA | |a UDN50 |b LSP |d 530.474 BU-N |e available |t Error 5001 Not defined in file expand_doc_bib_avail. |f 1 |g 0 |h N |i 0 |k 1 | ||
| 999 | |a From the UDN01 | ||
| AVA | |a UDN50 |b LSP |d 530.474 BU-N |e available |t Error 5001 Not defined in file expand_doc_bib_avail. |f 1 |g 0 |h N |i 0 |k 1 | ||
| TYP | |a Monograph | ||
| TYP | |a Printed language | ||
| 980 | |a Mạng thư viện Đại học Đà Nẵng | ||